Statistics for Taylor Swift - Bye Bye Baby Lyrics

Click here to take the quiz!

General Stats

  • This quiz has been taken 85 times
    (64 since last reset)
  • The average score is 287 of 341

Answer Stats

Answer% Correct
I
100%
It
100%
it
100%
bye
97%
Bye
97%
just
97%
to
97%
was
97%
you
97%
your
97%
a
93%
baby
93%
Everything
93%
everything
93%
is
93%
my
93%
on
93%
the
93%
The
93%
all
90%
but
90%
in
90%
not
90%
side
90%
so
90%
want
90%
And
87%
and
87%
it's
87%
like
87%
me
87%
nothing
87%
thought
87%
You're
87%
come
83%
could
83%
I'm
83%
i'm
83%
keep
83%
of
83%
couldn't
80%
down
80%
Oh
80%
this
80%
can't
77%
'Cause
77%
didn't
77%
home
77%
movie
77%
never
77%
see
77%
that
77%
took
77%
were
77%
bad
73%
have
73%
i'll
73%
love
73%
wasn't
73%
how
70%
now
70%
rain
70%
say
70%
sympathy
70%
Then
70%
time
70%
at
67%
back
67%
gonna
67%
here
67%
through
67%
way
67%
clothes
63%
coming
63%
drive
63%
Feels
63%
skin
63%
there's
63%
again
60%
are
60%
away
60%
soak
60%
always
57%
drivin'
57%
much
57%
still
57%
try
57%
becoming
53%
doubted
53%
ends
53%
enough
53%
Guess
53%
guess
53%
part
53%
sure
53%
we'd
53%
writing
53%
dash
50%
empty
50%
frame
50%
fray
50%
hands
50%
picture
50%
scared
50%
slipping
50%
vacant
50%
grab
47%
hesitation
47%
Lost
47%
past
47%
touch
47%
dresser
43%
gray
43%
pages
40%
floods
37%

Score Distribution

Percentile by Number Answered

Percent of People with Each Score

Your Score History

You have not taken this quiz since the last reset